| Tag |
First Indicator |
Second Indicator |
Subfields |
| LEADER |
00000cam a22000001a 4500 |
| 001 |
in00003414821 |
| 006 |
m d f |
| 007 |
cr bn mmmapmmp |
| 008 |
101101s2009 dcu o f000 0 eng d |
| 005 |
20260430231410.5 |
| 035 |
|
|
|a cis2007871942
|
| 040 |
|
|
|a ProQuest
|c ProQuest
|d UtOrBLW
|
| 043 |
|
|
|a n-us---
|
| 099 |
|
|
|a CRS-2009-RSI-0284
|
| 110 |
2 |
|
|a Library of Congress.
|b Congressional Research Service.
|
| 245 |
1 |
0 |
|a Brazil's WTO Case Against the U.S. Cotton Program.
|
| 264 |
|
1 |
|a [Place of publication not identified] :
|b [publisher not identified],
|c 2009.
|
| 300 |
|
|
|a 1 online resource.
|
| 336 |
|
|
|a text
|b txt
|2 rdacontent
|
| 337 |
|
|
|a computer
|b c
|2 rdamedia
|
| 338 |
|
|
|a online resource
|b cr
|2 rdacarrier
|
| 500 |
|
|
|a Record is based on bibliographic data in ProQuest U.S. Congressional Research Digital Collection (last viewed Dec. 2010). Reuse except for individual research requires license from ProQuest, LLC.
|
| 500 |
|
|
|a CRS Report.
|
| 520 |
|
|
|a Provides background on U.S.-Brazil dispute over U.S. cotton subsidies and the World Trade Organization (WTO) ruling. Reviews details of the WTO dispute settlement case, panel recommendations, and implementation phase. Discusses Brazil's compliance panel request, examines potential implications of WTO ruling, and addresses other cotton-related trade issues and the role of Congress. Includes tables and graphs.
|
| 500 |
|
|
|a Electronic resource.
|
| 650 |
|
0 |
|a Cotton.
|
| 650 |
|
0 |
|a International relations.
|
| 651 |
|
0 |
|a Brazil.
|
| 655 |
|
7 |
|a Electronic books.
|2 local
|
| 710 |
2 |
|
|a ProQuest (Firm)
|
| 776 |
0 |
8 |
|i Microfiche version:
|a Library of Congress. Congressional Research Service.
|t Brazil's WTO Case Against the U.S. Cotton Program
|
| 830 |
|
0 |
|a U.S. Congressional Research.
|
| 856 |
4 |
0 |
|u http://proxy.library.tamu.edu/login?url=https://congressional.proquest.com/congcomp/getdoc?CRDC-ID=CRS-2009-RSI-0284
|z Connect to the full text of this electronic book
|t 0
|
| 999 |
|
|
|a MARS
|
| 999 |
f |
f |
|s b4177075-420b-3539-9e9f-71509691a926
|i dee75cbf-825c-3b62-b477-639c4e7931b1
|t 0
|
| 952 |
f |
f |
|a Texas A&M University
|b College Station
|c Electronic Resources
|s www_evans
|d Available Online
|t 0
|e CRS-2009-RSI-0284
|h Other scheme
|
| 998 |
f |
f |
|a CRS-2009-RSI-0284
|t 0
|l Available Online
|